| 000 | 00550nam a2200193 a 4500 | ||
|---|---|---|---|
| 005 | 20140310183510.0 | ||
| 008 | 101014s19uu xx 00 eng d | ||
| 020 | _a9780495808381 | ||
| 050 |
_aLB 1051 _b.T898 2011 |
||
| 100 | _aTuckman, Bruce W. | ||
| 245 |
_aEducational Psychology. / _cBruce W. Tuckman |
||
| 260 |
_aUSA : _bWadsworth Cengage Learning, _c2011. |
||
| 300 |
_a651 p. : _bill. col. ; _c26 cm. |
||
| 521 | _aPSYCH | ||
| 650 | _aEducational psychology. | ||
| 700 | _aMonetti, David M. | ||
| 942 |
_cBK _2lcc _kFOR |
||
| 999 |
_c24162 _d24162 |
||